| 000 | 01084nam a22002297a 4500 | ||
|---|---|---|---|
| 005 | 20210325190918.0 | ||
| 008 | s2531 th tha d | ||
| 041 | _atha | ||
| 090 | _aว HT384.T5 ส816ค 2531 | ||
| 100 | 0 | _aสุนันทา สุวรรโณดม | |
| 245 | 1 | 0 | _aความสัมพันธ์ระหว่างความเป็นเมืองกับการพัฒนาประเทศ |
| 260 | 3 |
_aกรุงเทพฯ : _bสถาบันประชากรศาสตร์ จุฬาลงกรณ์มหาวิทยาลัย, _c2531 |
|
| 300 |
_a414 หน้า : _b ตาราง, แผนที่ ; _c 29 ซม. |
||
| 650 | 0 | 4 | _aการพัฒนาประเทศ -- วิจัย |
| 650 | 0 | 4 | _aการพัฒนาเมือง -- วิจัย |
| 650 | 0 | 4 | _aเมือง -- วิจัย |
| 700 | 0 | _aสุนันทา สุวรรโณดม | |
| 850 | _aNALT | ||
| 942 | _cRSH | ||
| 997 |
_c000000000026817 _kVC |
||
| 998 | _aNISA LUANGTONGKUM | ||
| 999 |
_c26817 _d26817 |
||